Southville International School and Colleges
Your cart is empty.
  • Cart
  • Lists
    Public lists Eva Luna New books Lux_list list_1
    Your lists Log in to create your own lists
  • Log in to your account
  • Your cookies
  • Search history
Southville International School and Colleges
  • Advanced search
  • Recent comments
  • Most popular
  • Libraries

Log in to your account

Log in with GOOGLE


If you do not have an external account, but do have a local account, you can still log in:

  1. Home
  2. MARC view: Management of human behavior in an organization /
Normal view MARC view ISBD view

Management of human behavior in an organization / (Record no. 335207)

[ view plain ]
MARC details
000 -LEADER
fixed length control field 00668nam a2200205 a 4500
003 - CONTROL NUMBER IDENTIFIER
control field SISC
005 - DATE AND TIME OF LATEST TRANSACTION
control field 20170606132213.0
008 - FIXED-LENGTH DATA ELEMENTS--GENERAL INFORMATION
fixed length control field 021111s19uu xx 00 eng d
020 ## - INTERNATIONAL STANDARD BOOK NUMBER
International Standard Book Number 9789719654193
050 ## - LIBRARY OF CONGRESS CALL NUMBER
Classification number HD 58.7
Item number .Se487 2016
100 ## - MAIN ENTRY--PERSONAL NAME
Personal name Serrano, Angelica Ong Camilar.
245 ## - TITLE STATEMENT
Title Management of human behavior in an organization /
Statement of responsibility, etc Angelica Ong Camilar-Serrano, Marivic Francisco Flores.
260 ## - PUBLICATION, DISTRIBUTION, ETC. (IMPRINT)
Place of publication, distribution, etc Manila :
Name of publisher, distributor, etc Unlimited Books,
Date of publication, distribution, etc 2016.
300 ## - PHYSICAL DESCRIPTION
Extent viii, 466 pages :
Other physical details illustrations ;
Dimensions 25 cm.
500 ## - GENERAL NOTE
General note Includes bibliographical references.
650 ## - SUBJECT ADDED ENTRY--TOPICAL TERM
Topical term or geographic name as entry element Organizational behavior
942 ## - ADDED ENTRY ELEMENTS (KOHA)
Koha item type Books
Source of classification or shelving scheme Library of Congress Classification
Call number prefix Local
Holdings
Withdrawn status Lost status Source of classification or shelving scheme Damaged status Home library Current library Shelving location Date acquired Source of acquisition Sub Shelving location Total Checkouts Total Renewals Full call number Barcode Date last seen Date checked out Price effective from Koha item type
    Library of Congress Classification   College Library College Library Filipiniana Section 06/06/2017 Library Fund   2 12 HD 58.7 .Se487 2016 C20934 06/13/2019 04/05/2019 06/06/2017 Books

Management of human behavior in an organization /

APA

Serrano A. O. C., . (2016). Management of human behavior in an organization. Manila: Unlimited Books.

Chicago

Serrano Angelica Ong Camilar, . 2016. Management of human behavior in an organization. Manila: Unlimited Books.

Harvard

Serrano A. O. C., . (2016). Management of human behavior in an organization. Manila: Unlimited Books.

MLA

Serrano Angelica Ong Camilar, . Management of human behavior in an organization. Manila: Unlimited Books. 2016.

  • Place hold
  • Print
  • Cite
  • Add to your cart (remove)
  • Save record
    BIBTEX Dublin Core MARCXML MARC (non-Unicode/MARC-8) MARC (Unicode/UTF-8) MARC (Unicode/UTF-8, Standard) MODS (XML) RIS
  • More searches
    Search for this title in:
    Other Libraries (WorldCat) Other Databases (Google Scholar) Online Stores (Bookfinder.com) Open Library (openlibrary.org)

Exporting to Dublin Core...

SOUTHVILLE LIBRARY

Southville International School and Colleges Library

1281 Tropical Ave. Cor. Luxembourg St., BF Homes International, Las Pinas City

Tel. No. 8256374 / 252358 Loc. 117/146

Powered by Koha